00608nam a2200169 a 450000100100000000500170001000800410002704000250006808200200009310000320011324500490014526000540019430000210024858601270026965000200039665000220041600000968420200929161653.0091001s1994 dr 001 0 spa d aDO-SdBNPbspacBNPHU aCu861.44bB532u1 aBarquet, Jesús J.,d1953-10aUn no rompido sueño /cJesús J. Barquet. aSanto Domingo :bEdiciones Punto Creativo,c1994. a100 p. ;c21 cm. aPremio en el Concurso de Poesía Chicana / Latina en los Estados Unidos de la Universidad de California en Irvine en 1993 4aPoesía cubana 4aLiteratura cubana